000 00243nam a22000977a 4500
999 _c531633
_d531633
082 _a823
_bSHA
100 _ashafique, Khurram Ali.
245 _aThe Republic of Rumi /
942 _2ddc
_cBK